000 00830nam a2200241 4500
003 OSt
005 20260601171012.0
008 260506b1982\\\\|||a||||\||||\00|\0\spa\d
020 _a9683402127
040 _aICI
_bspa
_cICI
050 _aCT103
_bD65
100 1 _aRamos Smith, Maya
_933208
245 1 _aDoce Mil Grandes (vol. 9):
_bEnciclopedia Biográfica Universal, Promexa: Encuentros con los genios de todos los tiempos: Diseño y fotografía
_cMaya Ramos Smith; Sergio Torres Franco
264 _bPROMEXA
_c1982
_aMéxico
300 _a232 páginas
336 _atexto
_2rdacontent
337 _asin medio
_2rdamedia
338 _avolumen
_2rdacarrier
650 _aDiseñadores
_vBiografía
_vDiccionarios
_933209
650 _aDiseño
_xHistoria
_91572
700 _aSergio Torres Franco
_eAutor
_933210
942 _2lcc
_cB
_n1
999 _c20522
_d20522